00582nam a2200205Ia 450000500170000000800410001702000150005808200210007310000140009424500470010826000390015530000160019465000100021065000120022065000130023265000130024594200060025895200970026499900150036120250203045801.0240331s9999 xx 000 0 und d a0415070996 bMEA23806a305.4 aMeaney, G 0a(Un)Like Subjects:bWomen, Theory, Fiction aLondon;aNew YorkbRoutledgec1993 axi, 255 p., aWomen aHistory aFeminism aMaternal cL 001040708LaWERCLbWERCLcSSCd2024-03-31l0o 305.4 MEAp3806r2024-03-31w2024-03-31yL c1671d1671